| 000 | 00609nam a22002057a 4500 | ||
|---|---|---|---|
| 003 | OSt | ||
| 005 | 20140310182752.0 | ||
| 008 | 130202t xxu||||| |||| 00| 0 eng d | ||
| 020 | _a0321228146 | ||
| 050 |
_aQA 303 _b.L693 2006 |
||
| 082 |
_aM 515 _28th ed. _bL62 2006 |
||
| 245 |
_aCalculus with applications _cLial, Margaret; Greenwell, Raymond N.; Ritchey, Nathan P. |
||
| 260 |
_aSingapore : _bPearson Education South Asia Ltd, _cc2006. |
||
| 300 |
_axlix, 751 p. _c26 cm. _bill. ; |
||
| 521 | _aCollege Students | ||
| 526 | _c1210L-1700L | ||
| 541 | _j1 | ||
| 562 | _e1 | ||
| 942 |
_2lcc _cBK _k M |
||
| 999 |
_c15778 _d15778 |
||